[Event "Le Blanc et Noir de St-Jean"]
[Site "St-Jean CAN"]
[Date "2020.01.19"]
[Round "4.7"]
[White "Kagle, Sasha"]
[Black "Turcotte, Jonathan"]
[Result "1/2-1/2"]
[WhiteElo "1750"]
[BlackElo "2064"]
[PlyCount "75"]
[EventDate "2020.01.17"]
[EventType "swiss"]
[EventRounds "5"]
[EventCountry "CAN"]

1. e4 c6 2. d4 d5 3. Nc3 dxe4 4. Nxe4 Bf5 5. Ng3 Bg6 6. h4 h6 7. Nf3 Nd7 8. h5
Bh7 9. Bd3 Bxd3 10. Qxd3 e6 11. Bf4 Qa5+ 12. Bd2 Bb4 13. c3 Be7 14. c4 Qc7 15.
O-O-O Ngf6 16. Kb1 O-O 17. Rde1 Rfd8 18. Qe2 b5 19. c5 a5 20. Ne4 Nxe4 21. Qxe4
Nf6 22. Qe2 a4 23. g4 Nh7 24. Reg1 Ng5 25. Nxg5 Bxg5 26. Bxg5 hxg5 27. Qe3 Qf4
28. Qxf4 gxf4 29. Rd1 Rd5 30. Rhe1 Rad8 31. Re4 Rxc5 32. Rc1 Rcd5 33. Rxc6 Rxd4
34. Rxd4 Rxd4 35. Kc2 f5 36. g5 Rd5 37. g6 Kf8 38. Rxe6 1/2-1/2

[Event "Le Blanc et Noir de St-Jean"]
[Site "St-Jean CAN"]
[Date "2020.01.19"]
[Round "4.8"]
[White "Lynch, Jonathan"]
[Black "Letarte-Lavoie, Francis"]
[Result "0-1"]
[WhiteElo "1656"]
[BlackElo "1839"]
[PlyCount "54"]
[EventDate "2020.01.17"]
[EventType "swiss"]
[EventRounds "5"]
[EventCountry "CAN"]

1. d4 d5 2. Bf4 Nf6 3. e3 c5 4. c3 Nc6 5. Nd2 Bf5 6. f3 Qb6 7. b3 e6 8. g4 Bg6
9. h4 cxd4 10. exd4 h5 11. g5 Nd7 12. Qe2 Nxd4 13. cxd4 Qxd4 14. Be5 Qxe5 15.
Qxe5 Nxe5 16. Bb5+ Kd8 17. a3 a6 18. Be2 Rc8 19. b4 Nd3+ 20. Bxd3 Bxd3 21. Nb3
Bd6 22. Kd2 Bg6 23. Ne2 Rc2+ 24. Kd1 Kd7 25. Nbd4 Rc4 26. Ra2 Rhc8 27. f4 Bxf4
0-1

[Event "Le Blanc et Noir de St-Jean"]
[Site "St-Jean CAN"]
[Date "2020.01.19"]
[Round "4.9"]
[White "Craciun, David"]
[Black "Morin, Louis"]
[Result "1-0"]
[WhiteElo "1917"]
[BlackElo "1906"]
[PlyCount "81"]
[EventDate "2020.01.17"]
[EventType "swiss"]
[EventRounds "5"]
[EventCountry "CAN"]

1. d4 d5 2. Bf4 e6 3. Nf3 Bd6 4. Bg3 Bxg3 5. hxg3 Nf6 6. e3 Nbd7 7. Bd3 Qe7 8.
Nbd2 e5 9. dxe5 Nxe5 10. O-O Nxd3 11. cxd3 O-O 12. Re1 c6 13. Qa4 Bf5 14. e4
dxe4 15. dxe4 Bg6 16. Rad1 Rfe8 17. e5 Nd5 18. Nd4 Qb4 19. Qxb4 Nxb4 20. Nc4
Nd3 21. Re3 b5 22. Nd6 Rxe5 23. Rdxd3 Rc5 24. Ne4 Rc1+ 25. Kh2 f5 26. Rc3 Rd1
27. Nxc6 fxe4 28. Ne7+ Kh8 29. Nxg6+ hxg6 30. Rxe4 Rd2 31. Rb3 a6 32. f4 Rc8
33. Ra3 Rcc2 34. Re8+ Kh7 35. Rxa6 Rxg2+ 36. Kh3 Rge2 37. Rf8 g5 38. f5 Re4 39.
Raa8 g4+ 40. Kh4 g5+ 41. Kxg5 1-0

[Event "Le Blanc et Noir de St-Jean"]
[Site "St-Jean CAN"]
[Date "2020.01.19"]
[Round "5.4"]
[White "Turcotte, Jonathan"]
[Black "Nunez-Painchaud, Raphael"]
[Result "0-1"]
[WhiteElo "2064"]
[BlackElo "2176"]
[PlyCount "110"]
[EventDate "2020.01.17"]
[EventType "swiss"]
[EventRounds "5"]
[EventCountry "CAN"]

1. d4 Nf6 2. c4 e6 3. Nf3 b6 4. g3 Ba6 5. b3 Bb7 6. Bg2 Bb4+ 7. Bd2 a5 8. O-O
O-O 9. Qc2 Na6 10. Re1 a4 11. e4 d5 12. cxd5 exd5 13. e5 Ne4 14. Nc3 axb3 15.
axb3 Nxd2 16. Nxd2 Be7 17. Qb2 Qd7 18. Nf1 Nb4 19. Rad1 c5 20. Na4 Rxa4 21.
bxa4 c4 22. Re3 Qxa4 23. Ra1 Qc6 24. Rc3 b5 25. Ne3 g6 26. Qd2 Rd8 27. Rcc1 Qb6
28. Rcb1 Nd3 29. Nc2 Qc6 30. f4 b4 31. Bf1 b3 32. Bxd3 cxd3 33. Ne1 Ba6 34.
Nxd3 Qc2 35. Rd1 Bxd3 36. Qxd3 Rc8 37. Qxc2 Rxc2 38. Rac1 Ba3 39. Rb1 b2 40. h3
Bb4 41. g4 Bd2 42. f5 Be3+ 43. Kf1 gxf5 44. gxf5 Rf2+ 45. Ke1 Rh2 46. Kf1 Kf8
47. Ke1 h5 48. Kf1 h4 49. Ke1 Ke8 50. Kf1 Kd7 51. Ke1 Ke7 52. Kf1 Bxd4 53. Rxd4
Rh1+ 54. Kg2 Rxb1 55. Rb4 d4 0-1

[Event "Le Blanc et Noir de St-Jean"]
[Site "St-Jean CAN"]
[Date "2020.01.19"]
[Round "5.5"]
[White "Kagle, Sasha"]
[Black "Chabot, Roland"]
[Result "0-1"]
[WhiteElo "1750"]
[BlackElo "2172"]
[PlyCount "48"]
[EventDate "2020.01.17"]
[EventType "swiss"]
[EventRounds "5"]
[EventCountry "CAN"]

1. e4 c5 2. Nf3 Nc6 3. d4 cxd4 4. Nxd4 Nf6 5. Nc3 e5 6. Ndb5 d6 7. Nd5 Nxd5 8.
exd5 Nb8 9. c4 Be7 10. Be2 a6 11. Nc3 O-O 12. Be3 f5 13. f4 Nd7 14. O-O Bf6 15.
fxe5 Bxe5 16. Bd3 Qh4 17. h3 f4 18. Bf2 Qh6 19. Be2 Nf6 20. c5 Bxh3 21. gxh3 f3
22. Bxf3 Qxh3 23. Re1 Bh2+ 24. Kh1 Bg3+ 0-1

[Event "Le Blanc et Noir de St-Jean"]
[Site "St-Jean CAN"]
[Date "2020.01.19"]
[Round "5.6"]
[White "Richard, Leo"]
[Black "Hernandez, Juan Felipe"]
[Result "1-0"]
[WhiteElo "2001"]
[BlackElo "1849"]
[PlyCount "73"]
[EventDate "2020.01.17"]
[EventType "swiss"]
[EventRounds "5"]
[EventCountry "CAN"]

1. Nf3 Nf6 2. c4 e6 3. g3 d5 4. Bg2 dxc4 5. Qa4+ c6 6. Qxc4 b5 7. Qc2 Bb7 8.
Ne5 Qb6 9. O-O c5 10. Bxb7 Qxb7 11. a4 b4 12. b3 Nbd7 13. Nc4 Be7 14. Bb2 O-O
15. d4 Rac8 16. Nbd2 Nb6 17. Rac1 Rfd8 18. e3 cxd4 19. Bxd4 Nfd5 20. Qe4 Qd7
21. Ne5 Qe8 22. a5 Nf6 23. Qf3 Nbd5 24. Ndc4 Bc5 25. Bxc5 Rxc5 26. Nd6 Rxd6 27.
Rxc5 Nd7 28. Nxd7 Rxd7 29. Rd1 Qf8 30. Rc4 Rb7 31. Rcd4 Rb8 32. e4 Nc3 33. R1d2
f6 34. Qd3 Qc5 35. Rd8+ Rxd8 36. Qxd8+ Kf7 37. Rd7+ 1-0

[Event "Le Blanc et Noir de St-Jean"]
[Site "St-Jean CAN"]
[Date "2020.01.19"]
[Round "5.7"]
[White "Kozlov, Guennadi"]
[Black "Craciun, David"]
[Result "0-1"]
[WhiteElo "1902"]
[BlackElo "1917"]
[PlyCount "68"]
[EventDate "2020.01.17"]
[EventType "swiss"]
[EventRounds "5"]
[EventCountry "CAN"]

1. e4 e5 2. f4 Bc5 3. Nf3 d6 4. Bc4 Nf6 5. Qe2 Nc6 6. c3 a6 7. a4 O-O 8. d3 Re8
9. f5 d5 10. Bb3 Qd6 11. Be3 Bd7 12. O-O dxe4 13. Ng5 Re7 14. Nxe4 Nxe4 15.
dxe4 Na5 16. Bc2 Bxe3+ 17. Qxe3 Nc4 18. Qc1 Qb6+ 19. Rf2 Bc6 20. b4 Rd8 21. Bb3
Red7 22. Qe1 Nb2 23. Na3 Nd3 24. Nc4 Qxf2+ 25. Qxf2 Nxf2 26. Kxf2 Bxe4 27. Nxe5
Re7 28. Nf3 Bxf5 29. Rc1 Rd3 30. Bc4 Rde3 31. Nd4 Bd3 32. Bd5 c6 33. Bf3 g6 34.
h3 Bc4 0-1

[Event "Le Blanc et Noir de St-Jean"]
[Site "St-Jean CAN"]
[Date "2020.01.19"]
[Round "5.8"]
[White "Morin, Louis"]
[Black "Lynch, Jonathan"]
[Result "1-0"]
[WhiteElo "1906"]
[BlackElo "1656"]
[PlyCount "59"]
[EventDate "2020.01.17"]
[EventType "swiss"]
[EventRounds "5"]
[EventCountry "CAN"]

1. e4 d6 2. d4 Nf6 3. Nc3 Nbd7 4. Nf3 e5 5. Bc4 Be7 6. O-O h6 7. Qe2 c6 8. a4
a5 9. Rd1 Qc7 10. Ba2 g5 11. Qc4 Rh7 12. dxe5 dxe5 13. Bxg5 Nb6 14. Qe2 hxg5
15. Nxg5 Bg4 16. f3 Bc5+ 17. Kh1 Bd7 18. Nxh7 Nxh7 19. Qe1 O-O-O 20. Ne2 Rh8
21. Qxa5 Bf2 22. Bxf7 Ng5 23. Bg6 Rh6 24. Rf1 Be3 25. Qc3 Nd5 26. exd5 e4 27.
f4 Ba7 28. Qf6 Be8 29. Bf5+ Kb8 30. Qxh6 1-0

[Event "Le Blanc et Noir de St-Jean"]
[Site "St-Jean CAN"]
[Date "2020.01.19"]
[Round "5.9"]
[White "St-Onge, Pierre"]
[Black "Couture, Jonathan"]
[Result "0-1"]
[WhiteElo "1658"]
[BlackElo "1931"]
[PlyCount "60"]
[EventDate "2020.01.17"]
[EventType "swiss"]
[EventRounds "5"]
[EventCountry "CAN"]

1. e4 g6 2. f4 d5 3. e5 c5 4. c3 Nc6 5. Nf3 Nh6 6. Bd3 Qb6 7. Bc2 d4 8. d3 Bg7
9. a3 O-O 10. Ra2 Be6 11. c4 f6 12. exf6 exf6 13. O-O a5 14. b3 Rfe8 15. Nbd2
f5 16. Ng5 Ng4 17. Ndf3 Qc7 18. Re1 Bd7 19. Bb1 Ne3 20. Bxe3 dxe3 21. Rae2 Qxf4
22. g3 Qg4 23. Rg2 h6 24. h3 Qh5 25. g4 fxg4 26. hxg4 Bxg4 27. Rh2 Qxg5 28.
Nxg5 Bxd1 29. Rxd1 hxg5 30. Rg2 Nd4 0-1